Верую, Господи!... (Запись № 4471006)

Подробности
000 -МАРКЕР
контрольное поле 01768nam0a2200337 i 4500
001 - ИДЕНТИФИКАТОР ЗАПИСИ
контрольное поле RU\NLR\bibl\2025622
005 - ИДЕНТИФИКАТОР ВЕРСИИ
контрольное поле 20260407180136.0
010 ## - МЕЖДУНАРОДНЫЙ СТАНДАРТНЫЙ НОМЕР КНИГИ (ISBN)
Номер (ISBN) 9785980610845
Тираж 200
021 ## - НОМЕР ГОСУДАРСТВЕННОЙ РЕГИСТРАЦИИ
Код страны российская федерация
Номер 2013-24861
Номер Листа государственной регистраци 1710
035 ## - ДРУГИЕ СИСТЕМНЫЕ НОМЕРА
Идентификатор записи (NLR Aleph) 002013665
100 ## - ДАННЫЕ ОБЩЕЙ ОБРАБОТКИ
Данные общей обработки 20130418d2012 u y0rusy50 ca
101 0# - ЯЗЫК РЕСУРСА
Язык текста, звукозаписи и т.д. русский
102 ## - СТРАНА ПУБЛИКАЦИИ ИЛИ ПРОИЗВОДСТВА
Страна публикации российская федерация
105 ## - ПОЛЕ КОДИРОВАННЫХ ДАННЫХ: ТЕКСТОВЫЕ МАТЕРИАЛЫ, МОНОГРАФИЧЕСКИЕ
Кодированные данные о монографическом текстовом документе a |||||||||
200 1# - ЗАГЛАВИЕ И СВЕДЕНИЯ ОБ ОТВЕТСТВЕННОСТИ
Основное заглавие Верую, Господи!...
Сведения, относящиеся к заглавию [сборник памяти Анамаисы (Аси) Борисовны Сабитовой]
Первые сведения об ответственности Федер. гос. бюджет. образоват. учреждение высш. проф. образования "Моск. гос. гуманит. ун-т им. М.А. Шолохова", Уфим. фил.
Последующие сведения об ответственности [сост.: Валиева И.Р., Бигнова М.Р., преп.
-- под общ. ред. Бабенко В.Я., к.ист.н., доц.]
210 ## - ПУБЛИКАЦИЯ, РАСПРОСТРАНЕНИЕ И ДР.
Место издания, распространения и т.д. Уфа
Имя издателя, распространителя и т. д. Изд-во Уфимского филиала МГГУ
Дата издания, распространения и т.д. 2012
215 ## - ФИЗИЧЕСКАЯ ХАРАКТЕРИСТИКА
Специфическое обозначение материала и объем 112 с.
Другие сведения о физической характеристике ил., портр.
Размеры 20
606 1# - НАИМЕНОВАНИЕ ТЕМЫ КАК ПРЕДМЕТ
Наименование темы Религия
Формальный подзаголовок Сборники
Системный номер авторитетной/нормативной записи 978692
Идентификатор авторитетной/нормативной записи RU\NLR\AUTH\6649461
686 1# - ИНДЕКСЫ ДРУГИХ КЛАССИФИКАЦИЙ
Индекс Э2,0я44
702 #1 - ИМЯ ЛИЦА - ВТОРИЧНАЯ ОТВЕТСТВЕННОСТЬ
Код отношения Прочие
Материалы, к которым относится поле rus
Графика поля Кириллица
Начальный элемент ввода Сабитова
Часть имени, кроме начального элемента ввода А. Б.
Даты 1944-2005
Расширение инициалов личного имени Анамаиса Борисовна
Идентификатор авторитетной/нормативной записи RU\NLR\auth\77125691
Системный номер авторитетной/нормативной записи 108616
702 #1 - ИМЯ ЛИЦА - ВТОРИЧНАЯ ОТВЕТСТВЕННОСТЬ
Начальный элемент ввода Бабенко
Часть имени, кроме начального элемента ввода В. Я.
Расширение инициалов личного имени Василий Яковлевич
Код отношения Редактор
702 #1 - ИМЯ ЛИЦА - ВТОРИЧНАЯ ОТВЕТСТВЕННОСТЬ
Начальный элемент ввода Валиева
Часть имени, кроме начального элемента ввода И. Р.
Код отношения Составитель
712 02 - НАИМЕНОВАНИЕ ОРГАНИЗАЦИИ - ВТОРИЧНАЯ ОТВЕТСТВЕННОСТЬ
Код отношения Прочие
Начальный элемент ввода Московский государственный гуманитарный университет им. М. А. Шолохова
Структурное подразделение Уфимский филиал
Идентификатор авторитетной/нормативной записи RU\NLR\AUTH\8810114375
Системный номер авторитетной/нормативной записи 728114
801 #0 - ИСТОЧНИК ЗАПИСИ
Страна российская федерация
Организация NLR
Дата составления 20130418
Правила каталогизации RCR
801 #1 - ИСТОЧНИК ЗАПИСИ
Страна российская федерация
Организация NLR
Дата составления 20130418
830 ## - ОБЩЕЕ ПРИМЕЧАНИЕ, СОСТАВЛЕННОЕ КАТАЛОГИЗАТОРОМ
Текст примечания ред. по эк
942 ## - ДОПОЛНИТЕЛЬНЫЕ ЭЛЕМЕНТЫ ЗАПИСИ (АБИС)
Тип экземпляра АБИС Книга
980 ## - КОЛЛЕКЦИЯ
Название коллекции НБР

Нет доступных экземпляров.